Score 0/26 Timer 04:00
4 Plays Today
ΛΕTΤΕΡΣ COUNTRY % Correct
ΚΑΜΕΡΟΟΝCAMEROON
93.5%
ΜΑΛΙMALI
92.7%
ΝΙΓΕΡΙΑNIGERIA
91.5%
ΕΡΙΤΡΕΑERITREA
89.8%
ΤΥΝΙΣΙΑTUNISIA
89.6%
ΝΙΓΕΡNIGER
89.5%
ΤΩΓΩTOGO
89.3%
ΜΑΥΡΙΤΑΝΙΑMAURITANIA
87.2%
ΜΑΔΑΓΑΣΚΑΡMADAGASCAR
86.1%
ΕΘΙΩΠΙΑETHIOPIA
86%
ΣΩΜΑΛΙΑSOMALIA
85.6%
ΑΝΓΩΛΑANGOLA
84.3%
ΛΙΒΙΑLIBYA
84.2%
ΛΕTΤΕΡΣ COUNTRY % Correct
ΕΓΙΠΤEGYPT
83.2%
ΓΥΙΝΕΑGUINEA
83.1%
ΣΕΝΕΓΑΛSENEGAL
82.7%
ΑΛΓΕΡΙΑALGERIA
80.5%
ΛΙΒΕΡΙΑLIBERIA
80.2%
ΣΥΔΑΝSUDAN
79.8%
ΚΩΜΩΡΩΣCOMOROS
79%
ΧΑΔCHAD
77.5%
ΜΑΥΡΙΤΙΥΣMAURITIUS
76.8%
ΒΥΡΥΝΔΙBURUNDI
75.6%
ΥΓΑΝΔΑUGANDA
75.4%
ΣΕΙΧΕΛΛΕΣSEYCHELLES
68%
ΛΕΣΥΘΥLESOTHO
67%

You're not logged in!

Compare scores with friends on all Sporcle quizzes.
OR
Log In

Sporcle TV

Today on Sporcle TV


Watch our educational content, quiz creation guides, and fun videos on Sporcle TV.

Show Comments

Extras

Top Quizzes Today


Score Distribution

Paid Content

Your Account Isn't Verified!

In order to create a playlist on Sporcle, you need to verify the email address you used during registration. Go to your Sporcle Settings to finish the process.

Report this User

Report this user for behavior that violates our Community Guidelines.

Details: